| 000 | 00560cam a2200193 4500 | ||
|---|---|---|---|
| 001 | B2091 | ||
| 008 | 090401t1985 xxu||||| |||| 00| 0 eng d | ||
| 035 | _a(Sirsi) u47961 | ||
| 041 | _aeng | ||
| 050 | _a333.337094212 | ||
| 100 | _aWhelan, Christine | ||
| 245 | _aBrave new world ? City of London office property and the financial services revolution: an Estates Times Property Research Report | ||
| 260 |
_aLondon _bEstates Times _c1985 |
||
| 300 | _a52p. : ill.,maps ; 28cm. | ||
| 350 | _a55 | ||
| 650 | _aOFFICES | ||
| 942 | _n0 | ||
| 948 | _c04/03/1997 | ||
| 999 |
_c92254 _d92254 |
||